| 000 | 00641nam a2200205 a 4500 | ||
|---|---|---|---|
| 001 | 12485 | ||
| 003 | CO-ViMGA | ||
| 008 | 141112s2004 ck r 000 u spa d | ||
| 040 |
_aCO-ViMGA _bspa _cCO-ViMGA |
||
| 082 | 0 | 4 | _a796.21 P69p |
| 100 | 1 |
_aPowell, Mark _917979 |
|
| 245 | 1 | 0 | _aPatinaje en línea |
| 260 |
_aBarcelona : _bHispano Europea, _c1995 |
||
| 300 | _a128p..il. | ||
| 490 | _aColección Herakles | ||
| 590 | _aForma de adquisición : COMPRA - - Precio : 39.600 - - Proveedor : TUCIDIDES PEREA - - Fecha de adquisición : 09 - 06 - 2000 | ||
| 650 | 1 | 4 |
_aPATINAJE _917980 |
| 650 | 1 | 4 |
_aPATINAJE EN LINEA _917981 |
| 942 |
_2ddc _cBK |
||
| 999 |
_c23482 _d23482 |
||